000 00898nam a22002055i 4500
001 178736
003 ES-MaACL
005 20230906220610.0
008 110613s1974 sp |||| | spa d
080 _a616.361
100 1 _aGasto Parramona, José María.
_9147186
245 1 1 _a"Colangiografía intravenosa
_b: consideraciones sobre el método por perfusión" /
_cresumen de la tesis presentada para aspirar al grado de doctor en medicina por José María Gasto Parramona.
260 _aBarcelona :
_bUniversidad de Barcelona, Secretariado de Publicaciones, Intercambio Científico y Extensión Universitaria :
_b[Ivern],
_c1974.
300 _a15 p. ;
_c24 cm.
500 _aCub. tomada como port.
504 _aBibliografía: p. 13-15.
650 0 4 _aVías biliares-
_xRadiografía.
_9147187
710 2 _aUniversidad de Barcelona.
_97141
852 _aES-MaACL
_jE-15361 (139)
_xOlim P-1374
999 _c178736
_d178736